Animal Crossing New Horizons - Personnages spéciaux - Statistiques

Statistiques générales
  • Ce quiz a été pris 204 fois
  • Le résultat moyen est 24 sur 44
Statistiques - réponses
Par images Réponse % Correct
Marie
99%
Tom Nook
98%
Méli et Mélo
91%
Kéké
90%
Thibou
88%
Céleste
82%
Rounard
82%
Sarah
76%
Cousette
74%
Racine
72%
Tortimer
71%
Robusto
66%
Charly
64%
Layette
64%
Blaise
63%
Joe
63%
Resetti
63%
Gulliver
61%
Séréna
59%
Amiral
57%
Pascal
57%
Djason
55%
Serge
53%
Lou
52%
Rodrigue
51%
Porcelette
49%
Jacqu'o
48%
Astrid
46%
Tiquette
46%
Pollux
45%
Risette
43%
Morris
42%
Gullivarrr
41%
Yétiti
40%
Follet
36%
Lionel
33%
Ginette
32%
Rodolphe
30%
Albin
28%
Giroïde
28%
Mantin
26%
Roberto
22%
Gratien
16%
Dindou
13%
Aucun quiz correspondant
Distribution des résultats
% des personnes avec chaque résultat
Percentile par nombre de réponses
Votre historique - résultats
Vous n’avez pas pris ce quiz